The dead of summer / (Record no. 129557)
[ view plain ]
| 000 -LEADER | |
|---|---|
| fixed length control field | 01381cam a2200385 i 4500 |
| 001 - CONTROL NUMBER | |
| control field | 1500036288 |
| 003 - CONTROL NUMBER IDENTIFIER | |
| control field | OCoLC |
| 005 - DATE AND TIME OF LATEST TRANSACTION | |
| control field | 20260125170228.0 |
| 008 - FIXED-LENGTH DATA ELEMENTS--GENERAL INFORMATION | |
| fixed length control field | 250610s2025 nyuab d 000 1 eng |
| 010 ## - LIBRARY OF CONGRESS CONTROL NUMBER | |
| LC control number | 2025006892 |
| 020 ## - INTERNATIONAL STANDARD BOOK NUMBER | |
| International Standard Book Number | 9781546125877 |
| 035 ## - SYSTEM CONTROL NUMBER | |
| System control number | (OCoLC)1500036288 |
| 040 ## - CATALOGING SOURCE | |
| Original cataloging agency | DLC |
| Language of cataloging | eng |
| Description conventions | rda |
| Transcribing agency | DLC |
| Modifying agency | DLC-MRC |
| -- | TnLvILS |
| -- | UtOrBLW |
| 042 ## - AUTHENTICATION CODE | |
| Authentication code | pcc |
| -- | cyac |
| 043 ## - GEOGRAPHIC AREA CODE | |
| Geographic area code | n-us-me |
| 100 1# - MAIN ENTRY--PERSONAL NAME | |
| Personal name | La Sala, Ryan, |
| Relator term | author. |
| 9 (RLIN) | 40488 |
| 245 14 - TITLE STATEMENT | |
| Title | The dead of summer / |
| Statement of responsibility, etc | Ryan La Sala. |
| 250 ## - EDITION STATEMENT | |
| Edition statement | First edition. |
| 300 ## - PHYSICAL DESCRIPTION | |
| Extent | 372 pages : |
| Other physical details | illustrations, map ; |
| Dimensions | 22 cm. |
| 500 ## - GENERAL NOTE | |
| General note | "Don't move. Don't blink. Don't breathe"--Jacket. |
| 520 ## - SUMMARY, ETC. | |
| Summary, etc | Seventeen-year-old Ollie fights to survive a deadly summer on an island off the coast of Maine after it is placed under quarantine due to a long-sunken horror rising from the sea. |
| 521 ## - TARGET AUDIENCE NOTE | |
| Target audience note | Ages 14 and up. |
| Source | PUSH. |
| 521 ## - TARGET AUDIENCE NOTE | |
| Target audience note | Grades 10-12. |
| Source | PUSH. |
| 650 #0 - SUBJECT ADDED ENTRY--TOPICAL TERM | |
| Topical term or geographic name as entry element | Survival |
| Form subdivision | Juvenile fiction. |
| 650 #0 - SUBJECT ADDED ENTRY--TOPICAL TERM | |
| Topical term or geographic name as entry element | Plague |
| Form subdivision | Juvenile fiction. |
| 9 (RLIN) | 8672 |
| 650 #0 - SUBJECT ADDED ENTRY--TOPICAL TERM | |
| Topical term or geographic name as entry element | Islands |
| Form subdivision | Juvenile fiction. |
| 650 #1 - SUBJECT ADDED ENTRY--TOPICAL TERM | |
| Topical term or geographic name as entry element | LGBTQ+ people |
| Form subdivision | Fiction. |
| 9 (RLIN) | 41895 |
| 650 #0 - SUBJECT ADDED ENTRY--TOPICAL TERM | |
| Topical term or geographic name as entry element | Young adult fiction. |
| 651 #0 - SUBJECT ADDED ENTRY--GEOGRAPHIC NAME | |
| Geographic name | Maine |
| Form subdivision | Juvenile fiction. |
| 9 (RLIN) | 3967 |
| 655 #7 - INDEX TERM--GENRE/FORM | |
| Genre/form data or focus term | Thrillers (Fiction) |
| Source of term | lcgft. |
| 655 #7 - INDEX TERM--GENRE/FORM | |
| Genre/form data or focus term | Paranormal fiction. |
| Source of term | lcgft. |
| 655 #7 - INDEX TERM--GENRE/FORM | |
| Genre/form data or focus term | Queer fiction. |
| Source of term | lcgft. |
| 9 (RLIN) | 41175 |
| 655 #7 - INDEX TERM--GENRE/FORM | |
| Genre/form data or focus term | LGBTQ+ fiction. |
| Source of term | homoit. |
| 9 (RLIN) | 42706 |
| 942 ## - ADDED ENTRY ELEMENTS (KOHA) | |
| Source of classification or shelving scheme | Dewey Decimal Classification |
| Koha item type | Book |
| Withdrawn status | Lost status | Source of classification or shelving scheme | Damaged status | Not for loan | Home library | Current library | Shelving location | Date acquired | Total Checkouts | Full call number | Barcode | Date last seen | Cost, replacement price | Price effective from | Koha item type |
|---|---|---|---|---|---|---|---|---|---|---|---|---|---|---|---|
| Available | Dewey Decimal Classification | Martha's Vineyard High School Library | Martha's Vineyard High School Library | HORROR | 01/25/2026 | FIC/LA | 39844500071298 | 01/25/2026 | 20.00 | 01/25/2026 | Book |
